000 00578cam a22002053a 4500
001 40621
003 PGUSA
005 20140828083916.0
008 120830s2012||||xxu|||||s|||||000 | eng d
040 _aPGUSA
_beng
042 _adc
100 1 _aBrandeis, Madeline,
_d1897-1937
245 1 0 _aLittle Tony of Italy
_h[electronic resource] /
_cMadeline Brandeis
260 _bProject Gutenberg,
_c2012
506 _aPublic domain in the USA.
516 _aElectronic text
830 0 _aProject Gutenberg
_v40621
856 4 0 _uhttp://www.gutenberg.org/ebooks/40621
942 _cEB
999 _c269874
_d269874